000 00306nam a22001337a 4500
008 171027b xxu||||| |||| 00| 0 eng d
020 _a0256030014
041 _aeng
080 _23rd
_a336
100 _a55
101 _aMEN
245 _aFOUNDATIONS OF FINANCIAL MANAGEMENT
_cBLOCK,S.B
942 _2udc
_cBK
999 _c35987
_d35987